00427nam a2200133 a 450000500170000000800410001702000180005805000210007610000220009724500940011926000520021330000100026550000180027520140412111230.0001120s19uu xx 00 eng d a0-513-02007-1 aTR(GS 372.3bKIN aKinghorm, Harriet aIndependent activities for second grade /cHarriet Kinghorn; illustrated by Liza Sernett. aMinneapolis :bT. D. Denison andCo. Inc,c1990. a31 p. aActivity book